| 000 | 01612nam a2200241Ia 4500 | ||
|---|---|---|---|
| 003 | OSt | ||
| 005 | 20211008132138.0 | ||
| 008 | 210310s1983 ck ad gr 000 0 spa d | ||
| 040 |
_aCO-JMCR _cCO-JMCR |
||
| 041 | 0 | _aspa | |
| 082 | 0 | 4 |
_a338.17371 / _bC736t _223 |
| 110 | 2 |
_aCompañía Colombiana de Tabaco SA, _eautor _941048 |
|
| 245 | 1 | 3 |
_aEl tabaco rubio en Colombia / _cCompañía colombiana de tabaco S. A., Productora Tabacalera de Colombia S. A., |
| 260 |
_aBogotá : _bServigráficas, _c1983. |
||
| 300 |
_a[110] páginas : _bilustraciones, gráficas y fotografías a color ; _c27 cm. |
||
| 500 | _aIncluye índices. | ||
| 505 | 0 | _aTabacos rubios. -- Zonas de cultivo de tabaco rubio. -- Areas de cultivo de tabaco rubio. -- Numero de agricultores de tabaco rubio. -- Generación de empleo de tabaco rubio. -- Producción de tabaco rubio. -- Costos de los cultivos de tabaco rubio y de las construcciones. Ingreso neto en tabaco rubio. -- Financiación del cultivo del tabaco rubio. -- Financiación de las compañías. -- Mercadeo del tabaco rubio. -- Asistencia técnica. -- Investigación. -- Las agroindustrias. -- Proyecciones de la producción de tabaco para 5 años, 1984-85 1988-89. -- Necesidades de crédito e insumos para proyección. Con incremento anual de áreas de 15%. -- Contrabando.-- Conclusiones sobre tabaco rubio. | |
| 650 | 1 | 4 |
_aTabaco Rubio _vIndustria _zColombia _941049 |
| 650 | 2 | 4 |
_aTabaco Rubio _vComercio _zColombia _941050 |
| 650 | 2 | 4 |
_aTabaco Rubio _vProducción _zColombia _941051 |
| 710 | 1 |
_aProductora Tabacalera de Colombia S. A., _eautor _941052 |
|
| 942 |
_2ddc _cBK |
||
| 999 |
_c12643 _d12643 |
||